000
00297nam a22001337a 4500
008
170824b xxu||||| |||| 00| 0 eng d
020
_a
2900321557123
041
_a
eng
080
_2
8TH
_a
51
100
_a
38
101
_a
MAT
245
_a
BASIC COLLEGE MATHEMATICS
_c
LIAL,M.L
942
_2
udc
_c
BK
999
_c
24907
_d
24907